[Event "COL-chT rapid Online"]
[Site "Chess.com INT"]
[Date "2020.09.19"]
[Round "3.6"]
[White "Castano Herrera, Saray"]
[Black "Narvaez Vaquiro, Alejandra"]
[Result "0-1"]
[WhiteElo "1451"]
[BlackElo "1181"]
[PlyCount "68"]
[EventDate "2020.09.19"]
[EventType "team-tourn (rapid)"]
[EventRounds "5"]
[EventCountry "COL"]
[SourceTitle "CBM 198 Extra"]
[Source "ChessBase"]
[SourceDate "2020.11.30"]
[SourceVersion "1"]
[SourceVersionDate "2020.11.30"]
[SourceQuality "1"]
[WhiteTeam "Antioquia III"]
[BlackTeam "Caqueta"]
[WhiteTeamCountry "COL"]
[BlackTeamCountry "COL"]

1. c4 e5 2. Nc3 Bb4 3. g3 Nf6 4. Bg2 0-0 5. a3 Bxc3 6. bxc3 c6 7. d4 e4 8. Bg5 d5 9. cxd5 cxd5 10. e3 Nbd7 11. Ne2 Qc7 12. Bxf6 Nxf6 13. Qb3 Bg4 14. h3 Bf3 15. Bxf3 exf3 16. Ng1 Rae8 17. Nxf3 Rxe3+ 18. fxe3 Qxg3+ 19. Ke2 Qg2+ 20. Kd3 Qg6+ 21. Ke2 Qg2+ 22. Kd3 Qxf3 23. Raf1 Qe4+ 24. Kd2 Qg2+ 25. Kc1 Ne4 26. Qc2 Qg5 27. Rf4 Rc8 28. Rxe4 dxe4 29. Qxe4 Qa5 30. Kd1 Qxc3 31. Ke2 Qxa3 32. Qxb7 Re8 33. Qf3 Qb2+ 34. Kf1 Rc8 0-1

[Event "COL-ch U14 Girls"]
[Site "Fusagasuga"]
[Date "2019.06.29"]
[Round "6"]
[White "Narvaez Vaquiro, Alejandra"]
[Black "Suarez Ardila, Luisa Maria"]
[Result "0-1"]
[WhiteElo "1211"]
[BlackElo "1581"]
[PlyCount "96"]
[EventDate "2019.06.26"]
[EventType "tourn"]
[EventRounds "9"]
[EventCountry "COL"]
[SourceTitle "CBM 191 Extra"]
[Source "ChessBase"]
[SourceDate "2019.09.30"]
[SourceVersion "1"]
[SourceVersionDate "2019.09.30"]
[SourceQuality "1"]

1. e4 c5 2. Nf3 g6 3. d4 cxd4 4. Nxd4 Bg7 5. c4 Nc6 6. Be3 Nf6 7. Nc3 d6 8. Be2 0-0 9. 0-0 Bd7 10. Qd2 Nxd4 11. Bxd4 Bc6 12. f3 a5 13. b3 Nd7 14. Be3 Nc5 15. Rac1 Qc7 16. Bh6 Ne6 17. Nd5 Bxd5 18. cxd5 Nc5 19. Be3 b6 20. f4 f5 21. exf5 Rxf5 22. g4 Rf7 23. f5 Raf8 24. fxg6 Rxf1+ 25. Rxf1 Rxf1+ 26. Bxf1 hxg6 27. Bh6 Ne4 28. Qe3 Qc5 29. Qxc5 dxc5 30. Bxg7 Kxg7 31. a3 Kf6 32. h4 Nd2 33. Bc4 Nf3+ 34. Kg2 Nxh4+ 35. Kg3 g5 36. Bd3 Ke5 37. Bc4 Ng6 38. Kf3 Nf4 39. Ke3 Nxd5+ 40. Bxd5 Kxd5 41. Kd3 e5 42. Ke3 b5 43. Kd3 c4+ 44. bxc4+ bxc4+ 45. Kd2 Kd4 46. Kc2 e4 47. Kd2 e3+ 48. Ke2 c3 0-1

[Event "COL-ch U14 Girls"]
[Site "Fusagasuga"]
[Date "2019.06.28"]
[Round "4"]
[White "Lopez Rayo, Isabella"]
[Black "Narvaez Vaquiro, Alejandra"]
[Result "1-0"]
[WhiteElo "1514"]
[BlackElo "1211"]
[PlyCount "75"]
[EventDate "2019.06.26"]
[EventType "tourn"]
[EventRounds "9"]
[EventCountry "COL"]
[SourceTitle "CBM 191 Extra"]
[Source "ChessBase"]
[SourceDate "2019.09.30"]
[SourceVersion "1"]
[SourceVersionDate "2019.09.30"]
[SourceQuality "1"]

1. e4 e5 2. Nf3 Nf6 3. d4 Nxe4 4. Nxe5 d5 5. Bd3 Bd6 6. 0-0 0-0 7. c4 Bxe5 8. dxe5 Nc6 9. f3 Nc5 10. cxd5 Nxd3 11. Qxd3 Nxe5 12. Qd4 Qf6 13. Qc3 Qd6 14. Bf4 f6 15. Rd1 c6 16. Qd4 Rd8 17. Nc3 Be6 18. Re1 cxd5 19. Bxe5 fxe5 20. Rxe5 Rac8 21. Rae1 Rc4 22. Qxa7 Bf7 23. Nb5 Qc6 24. Nd4 Qd6 25. Nf5 Qf6 26. Qxb7 Rc1 27. Rxc1 Qxe5 28. Qc7 Qf6 29. Ne7+ Kf8 30. Qxd8+ Be8 31. Re1 Qd4+ 32. Kh1 Qf6 33. Ng6+ Qxg6 34. Qe7+ Kg8 35. Qxe8+ Qxe8 36. Rxe8+ Kf7 37. Rd8 Ke6 38. a4 1-0

[Event "COL-ch U14 Girls"]
[Site "Fusagasuga"]
[Date "2019.06.28"]
[Round "5"]
[White "Narvaez Vaquiro, Alejandra"]
[Black "Mercado Maestre, Maria Angel"]
[Result "0-1"]
[WhiteElo "1211"]
[BlackElo "1414"]
[PlyCount "70"]
[EventDate "2019.06.26"]
[EventType "tourn"]
[EventRounds "9"]
[EventCountry "COL"]
[SourceTitle "CBM 191 Extra"]
[Source "ChessBase"]
[SourceDate "2019.09.30"]
[SourceVersion "1"]
[SourceVersionDate "2019.09.30"]
[SourceQuality "1"]

1. e4 e5 2. Nf3 Nc6 3. Bc4 Nf6 4. d3 Bc5 5. b4 Bxb4+ 6. c3 Ba5 7. Qb3 0-0 8. Bb5 Re8 9. Ng5 Rf8 10. Ba3 d6 11. Bxc6 bxc6 12. Qa4 Bb6 13. Qxc6 Bd7 14. Qc4 Bxf2+ 15. Ke2 Bb6 16. Rf1 h6 17. Nf3 Ng4 18. Rh1 Ne3 19. Qb3 Nxg2 20. d4 Re8 21. Nbd2 Qf6 22. Raf1 exd4 23. Nxd4 Bg4+ 24. Kd3 Nf4+ 25. Ke3 g5 26. h3 Bh5 27. h4 c5 28. hxg5 cxd4+ 29. Kf2 hxg5 30. Kg3 Ne2+ 31. Kg2 Qg6 32. Bxd6 dxc3 33. e5 cxd2 34. Rf6 Qe4+ 35. Kh3 Qxh1# 0-1

[Event "COL-ch sf3 U16"]
[Site "Moniquira"]
[Date "2019.05.26"]
[Round "6.15"]
[White "Pedraza Aldana, Alexandra"]
[Black "Narvaez Vaquiro, Alejandra"]
[Result "0-1"]
[WhiteElo "1563"]
[BlackElo "1251"]
[PlyCount "22"]
[EventDate "2019.05.23"]
[EventType "swiss"]
[EventRounds "6"]
[EventCountry "COL"]
[SourceTitle "EXT 2024"]
[Source "ChessBase"]
[SourceDate "2023.10.10"]
[SourceVersion "1"]
[SourceVersionDate "2023.10.10"]
[SourceQuality "1"]

1. e4 e5 2. Nf3 Nc6 3. d4 exd4 4. Nxd4 Bc5 5. Be3 Qf6 6. c3 Nge7 7. f4 0-0 8. e5 Qg6 9. g4 Qe4 10. Qf3 Qxf3 11. Nxf3 Bxe3 0-1

[Event "COL-ch sf3 U16"]
[Site "Moniquira"]
[Date "2019.05.25"]
[Round "5.16"]
[White "Narvaez Vaquiro, Alejandra"]
[Black "Beltran, Cristian"]
[Result "0-1"]
[WhiteElo "1251"]
[BlackElo "1342"]
[PlyCount "44"]
[EventDate "2019.05.23"]
[EventType "swiss"]
[EventRounds "6"]
[EventCountry "COL"]
[SourceTitle "EXT 2024"]
[Source "ChessBase"]
[SourceDate "2023.10.10"]
[SourceVersion "1"]
[SourceVersionDate "2023.10.10"]
[SourceQuality "1"]

1. e4 e6 2. d4 d5 3. e5 c5 4. Nf3 Nc6 5. Nc3 Qb6 6. Bb5 Bd7 7. Bxc6 Bxc6 8. 0-0 f6 9. Rb1 cxd4 10. Nxd4 fxe5 11. Nxe6 Nf6 12. Qe2 d4 13. Nd1 Bxg2 14. Nxg7+ Bxg7 15. Qxe5+ Kf7 16. Kxg2 Rhg8 17. Kh3 Rae8 18. Qg3 Qe6+ 19. Kh4 Bh6 20. Qb3 Rg4+ 21. Kh3 Qxb3+ 22. axb3 Re5 0-1

[Event "COL-chT Interligas (Women)"]
[Site "Palmira"]
[Date "2019.04.29"]
[Round "5.4"]
[White "Grisales Hoyos, Isabella"]
[Black "Narvaez Vaquiro, Alejandra"]
[Result "1-0"]
[WhiteElo "1346"]
[BlackElo "1157"]
[PlyCount "75"]
[EventDate "2019.04.27"]
[EventType "team-swiss"]
[EventRounds "6"]
[EventCountry "COL"]
[SourceTitle "CBM 190 Extra"]
[Source "ChessBase"]
[SourceDate "2019.07.15"]
[SourceVersion "1"]
[SourceVersionDate "2019.07.15"]
[SourceQuality "1"]
[WhiteTeam "Valle Talentos Palmira (W)"]
[BlackTeam "Caqueta (W)"]
[WhiteTeamCountry "COL"]
[BlackTeamCountry "COL"]

1. e4 e5 2. Nf3 Nc6 3. d4 exd4 4. Nxd4 Qf6 5. Be3 Qe5 6. Nxc6 bxc6 7. Nc3 Bb4 8. a3 Bxc3+ 9. bxc3 Qxc3+ 10. Bd2 Qe5 11. Bd3 Nf6 12. f3 0-0 13. 0-0 Qd4+ 14. Kh1 d5 15. Re1 dxe4 16. Bxe4 Nxe4 17. Rxe4 Qf6 18. Qe1 Bf5 19. Re7 Bxc2 20. Rc1 Ba4 21. Rc4 Bb5 22. Rce4 c5 23. Rxc7 Rfe8 24. Rxc5 Ba4 25. Bc3 Qb6 26. Rg5 g6 27. h4 Rad8 28. h5 Rd1 29. Rxe8+ Bxe8 30. Qxd1 Qf2 31. Qd8 Kf8 32. Re5 Kg7 33. Qxe8 Qh4+ 34. Kg1 f6 35. Qe7+ Kg8 36. Qe8+ Kg7 37. Re7+ Kh6 38. Qf8+ 1-0

[Event "COL-chT Interligas (Women)"]
[Site "Palmira"]
[Date "2019.04.29"]
[Round "6.4"]
[White "Narvaez Vaquiro, Alejandra"]
[Black "Villota Munoz, Gabriela Ana"]
[Result "0-1"]
[WhiteElo "1157"]
[BlackElo "1560"]
[PlyCount "56"]
[EventDate "2019.04.27"]
[EventType "team-swiss"]
[EventRounds "6"]
[EventCountry "COL"]
[SourceTitle "CBM 190 Extra"]
[Source "ChessBase"]
[SourceDate "2019.07.15"]
[SourceVersion "1"]
[SourceVersionDate "2019.07.15"]
[SourceQuality "1"]
[WhiteTeam "Caqueta (W)"]
[BlackTeam "Narino (W)"]
[WhiteTeamCountry "COL"]
[BlackTeamCountry "COL"]

1. e4 c6 2. d4 d5 3. e5 Bf5 4. Nf3 e6 5. Nc3 b6 6. Bd3 Bxd3 7. Qxd3 Bb4 8. a3 Bxc3+ 9. Qxc3 Ne7 10. Be3 0-0 11. Qd2 Nd7 12. g4 c5 13. dxc5 bxc5 14. c3 Qc7 15. Bf4 Ng6 16. Qe3 Rab8 17. Rb1 Nxf4 18. Qxf4 c4 19. h4 Nc5 20. Ke2 Nd3 21. Qg5 f6 22. exf6 Rxf6 23. Qd2 Qf4 24. Qxf4 Rxf4 25. b4 Rxg4 26. Ng5 Re8 27. b5 Rf4 28. h5 g6 0-1

[Event "COL-ch Superate Intercol U14 Girls"]
[Site "Barranquilla"]
[Date "2018.11.20"]
[Round "3.7"]
[White "Narvaez Vaquiro, Alejandra"]
[Black "Ceballos Castellanos, Isabela"]
[Result "0-1"]
[WhiteElo "1181"]
[BlackElo "1340"]
[PlyCount "84"]
[EventDate "2018.11.19"]
[EventType "swiss"]
[EventRounds "7"]
[EventCountry "COL"]
[SourceTitle "EXT 2024"]
[Source "ChessBase"]
[SourceDate "2023.10.10"]
[SourceVersion "1"]
[SourceVersionDate "2023.10.10"]
[SourceQuality "1"]

1. e4 c5 2. Nf3 d6 3. d4 cxd4 4. Nxd4 Nf6 5. Nc3 g6 6. Bg5 Bg7 7. f4 Qb6 8. Nb3 Ng4 9. Bb5+ Nc6 10. Qe2 Ne3 11. Nd5 Nxd5 12. exd5 f6 13. Bh4 a6 14. Bxc6+ bxc6 15. Bf2 c5 16. 0-0-0 Qb4 17. Rhe1 Qxf4+ 18. Kb1 Qe5 19. Qf3 Qxh2 20. Bg3 Qh5 21. Qxh5 gxh5 22. Bxd6 Bf8 23. Bxc5 Kd7 24. Nd4 Rg8 25. Nf5 Rxg2 26. Bxe7 Bxe7 27. Rxe7+ Kd8 28. Ne3 Re2 29. d6 Bd7 30. Nd5 Re6 31. Nc7 Rxe7 32. Nxa8 Re5 33. Nb6 h4 34. a3 h3 35. Rh1 Be6 36. c4 Rc5 37. b4 Rg5 38. c5 Rg2 39. Rxh3 Bxh3 40. c6 Rd2 41. c7+ Ke8 42. d7+ Bxd7 0-1

[Event "COL-ch Amateur U1700"]
[Site "Bogota"]
[Date "2018.02.17"]
[Round "4.51"]
[White "Laverde, Ana Lucia"]
[Black "Narvaez Vaquiro, Alejandra"]
[Result "0-1"]
[WhiteElo "1426"]
[BlackElo "1159"]
[PlyCount "52"]
[EventDate "2018.02.15"]
[EventType "swiss"]
[EventRounds "7"]
[EventCountry "COL"]
[SourceTitle "EXT 2024"]
[Source "ChessBase"]
[SourceDate "2023.10.10"]
[SourceVersion "1"]
[SourceVersionDate "2023.10.10"]
[SourceQuality "1"]

1. e4 e5 2. Nf3 Nc6 3. d4 exd4 4. Bc4 Nf6 5. e5 Ne4 6. 0-0 d5 7. Bb5 Bg4 8. h3 Be6 9. Nxd4 Bd7 10. Nf3 Ne7 11. Bd3 Bf5 12. Bf4 Ng6 13. Be3 Qd7 14. c4 c6 15. Qa4 Bxh3 16. Ne1 Qg4 17. f3 Qg3 18. Bf2 Nxf2 19. Rxf2 Bc5 20. Qc2 dxc4 21. Bxc4 Rd8 22. Qe2 Rd1 23. Bxf7+ Kxf7 24. Qc4+ Ke8 25. Qf1 Bxg2 26. Qxg2 Rxe1# 0-1

[Event "COL-chT (Women)"]
[Site "Ibague"]
[Date "2017.07.21"]
[Round "5.3"]
[White "De La Hoz Contreras, Tala Daniela"]
[Black "Narvaez Vaquiro, Alejandra"]
[Result "0-1"]
[WhiteElo "1532"]
[BlackElo "1194"]
[PlyCount "62"]
[EventDate "2017.07.19"]
[EventType "team-swiss"]
[EventRounds "6"]
[EventCountry "COL"]
[SourceTitle "CBM 179 Extra"]
[Source "ChessBase"]
[SourceDate "2017.08.23"]
[SourceVersion "1"]
[SourceVersionDate "2017.08.23"]
[SourceQuality "1"]
[WhiteTeam "San Andres Isla (W)"]
[BlackTeam "Caqueta (W)"]
[WhiteTeamCountry "COL"]
[BlackTeamCountry "COL"]

1. e4 e5 2. Bc4 Bc5 3. Nf3 Nc6 4. Nc3 d6 5. 0-0 Bg4 6. h3 Bd7 7. d3 h6 8. Bd2 g5 9. Ne2 f6 10. Bxg8 Rxg8 11. h4 Bg4 12. Ng3 gxh4 13. Nf5 Nd4 14. Nxh6 Bxf3 15. g3 Bxd1 16. Raxd1 Rg6 17. g4 Nf3+ 18. Kg2 Nxd2 19. Rxd2 Rxh6 20. c3 Qd7 21. f3 0-0-0 22. d4 exd4 23. cxd4 Bb6 24. e5 fxe5 25. d5 Rg8 26. Kh1 Rxg4 27. fxg4 Qxg4 28. Rfd1 Rg6 29. a3 Qh3+ 30. Rh2 Qf3+ 31. Rg2 Qxg2# 0-1

[Event "COL-chT (Women)"]
[Site "Ibague"]
[Date "2017.07.20"]
[Round "4.3"]
[White "Narvaez Vaquiro, Alejandra"]
[Black "Rosales Nazate, Claudia Sofia"]
[Result "0-1"]
[WhiteElo "1194"]
[BlackElo "1486"]
[PlyCount "88"]
[EventDate "2017.07.19"]
[EventType "team-swiss"]
[EventRounds "6"]
[EventCountry "COL"]
[SourceTitle "CBM 179 Extra"]
[Source "ChessBase"]
[SourceDate "2017.08.23"]
[SourceVersion "1"]
[SourceVersionDate "2017.08.23"]
[SourceQuality "1"]
[WhiteTeam "Caqueta (W)"]
[BlackTeam "Narino (W)"]
[WhiteTeamCountry "COL"]
[BlackTeamCountry "COL"]

1. e4 d5 2. exd5 Qxd5 3. Nc3 Qa5 4. Bc4 Bf5 5. Qf3 c6 6. g4 Bg6 7. h4 h5 8. gxh5 Qxh5 9. Qh3 Bf5 10. Qg3 Nd7 11. Nf3 Qg4 12. Qxg4 Bxg4 13. Ng5 Ne5 14. Bb3 Nf3+ 15. Nxf3 Bxf3 16. Rh3 Bg4 17. Rh2 g5 18. Rg2 Rxh4 19. d3 Bh6 20. Ne4 Rh1+ 21. Kd2 Bf3 22. Rg3 g4+ 23. Kc3 Bxc1 24. Rxc1 Rxc1 25. Ng5 Bd5 26. Bxd5 cxd5 27. Rxg4 Rc8+ 28. Kb3 R1xc2 29. Nf3 Nf6 30. Rh4 Kd7 31. Ne5+ Ke6 32. Nf3 Rxf2 33. Ng5+ Kd7 34. Nxf7 Re2 35. Rb4 b6 36. d4 Re3+ 37. Ka4 Ke8 38. Ne5 Nd7 39. Ng4 Rg3 40. Nh6 a5 41. Rb5 Rc4+ 42. b4 Rxd4 43. Nf5 Nc5+ 44. Rxc5 Rxb4# 0-1

[Event "COL-chT (Women)"]
[Site "Ibague"]
[Date "2017.07.19"]
[Round "2.3"]
[White "Narvaez Vaquiro, Alejandra"]
[Black "Medina Barrios, Lina Maria"]
[Result "0-1"]
[WhiteElo "1194"]
[BlackElo "1465"]
[PlyCount "50"]
[EventDate "2017.07.19"]
[EventType "team-swiss"]
[EventRounds "6"]
[EventCountry "COL"]
[SourceTitle "CBM 179 Extra"]
[Source "ChessBase"]
[SourceDate "2017.08.23"]
[SourceVersion "1"]
[SourceVersionDate "2017.08.23"]
[SourceQuality "1"]
[WhiteTeam "Caqueta (W)"]
[BlackTeam "Tolima (W)"]
[WhiteTeamCountry "COL"]
[BlackTeamCountry "COL"]

1. e4 c5 2. Nf3 e6 3. d4 cxd4 4. Nxd4 a6 5. c4 Nf6 6. Nc3 Qc7 7. Bg5 Be7 8. Bd3 d6 9. Qd2 Nbd7 10. h4 h6 11. Be3 b6 12. Be2 Bb7 13. f3 Rc8 14. b3 Ne5 15. g4 b5 16. cxb5 Qxc3 17. Qxc3 Rxc3 18. Bd2 Rc5 19. bxa6 Ba8 20. 0-0 0-0 21. g5 hxg5 22. hxg5 Nfd7 23. g6 Nxg6 24. Rac1 Rfc8 25. Nf5 exf5 0-1

[Event "Caqueta Florencia op"]
[Site "Caqueta"]
[Date "2016.12.04"]
[Round "6"]
[White "Valencia Lopez, Greissy Sofia"]
[Black "Narvaez Vaquiro, Alejandra"]
[Result "1-0"]
[WhiteElo "1460"]
[BlackElo "1248"]
[PlyCount "46"]
[EventDate "2016.12.01"]
[EventType "swiss"]
[EventRounds "6"]
[EventCountry "COL"]
[SourceTitle "CBM 176 Extra"]
[Source "ChessBase"]
[SourceDate "2017.03.02"]
[SourceVersion "1"]
[SourceVersionDate "2017.03.02"]
[SourceQuality "1"]

1. e4 e5 2. Nf3 Nc6 3. a3 Nf6 4. Nc3 Bc5 5. d3 h6 6. Be2 d6 7. 0-0 Be6 8. b4 Bb6 9. Be3 Qd7 10. Rb1 a6 11. Bxb6 cxb6 12. d4 d5 13. dxe5 dxe4 14. exf6 exf3 15. Qxd7+ Bxd7 16. Bxf3 gxf6 17. Ne4 Rg8 18. Nxf6+ Ke7 19. Nxg8+ Rxg8 20. Rfe1+ Kd8 21. Rbd1 Kc7 22. h3 Bxh3 23. Bxc6 Kxc6 1-0

[Event "Caqueta Florencia op"]
[Site "Caqueta"]
[Date "2016.12.03"]
[Round "5"]
[White "Narvaez Vaquiro, Alejandra"]
[Black "Valencia Lopez, Rudiger Estiven"]
[Result "1-0"]
[WhiteElo "1248"]
[BlackElo "1230"]
[PlyCount "35"]
[EventDate "2016.12.01"]
[EventType "swiss"]
[EventRounds "6"]
[EventCountry "COL"]
[SourceTitle "CBM 176 Extra"]
[Source "ChessBase"]
[SourceDate "2017.03.02"]
[SourceVersion "1"]
[SourceVersionDate "2017.03.02"]
[SourceQuality "1"]

1. e4 e5 2. Nf3 Nf6 3. Nc3 Nc6 4. Bc4 Bc5 5. d3 d6 6. Bg5 Bg4 7. h3 h6 8. Be3 Be6 9. Bxc5 Bxc4 10. dxc4 dxc5 11. Qe2 Qe7 12. 0-0 0-0 13. Nh4 Nh5 14. Qxh5 Rfb8 15. Nf3 g6 16. Qxh6 Rd8 17. Ng5 f6 18. Qxg6+ 1-0

[Event "Caqueta Florencia op"]
[Site "Caqueta"]
[Date "2016.12.03"]
[Round "4"]
[White "Perez Holguin, Alexander"]
[Black "Narvaez Vaquiro, Alejandra"]
[Result "1-0"]
[WhiteElo "1556"]
[BlackElo "1248"]
[PlyCount "37"]
[EventDate "2016.12.01"]
[EventType "swiss"]
[EventRounds "6"]
[EventCountry "COL"]
[SourceTitle "CBM 176 Extra"]
[Source "ChessBase"]
[SourceDate "2017.03.02"]
[SourceVersion "1"]
[SourceVersionDate "2017.03.02"]
[SourceQuality "1"]

1. e4 e5 2. Nf3 Nc6 3. Bc4 Nf6 4. Ng5 d5 5. exd5 Nxd5 6. Qf3 Qxg5 7. Bxd5 Bf5 8. Bxc6+ Bd7 9. Bxd7+ Kxd7 10. Qxf7+ Be7 11. Qd5+ Ke8 12. Qxb7 Rd8 13. 0-0 Qh6 14. d4 Qh5 15. Qb5+ Rd7 16. dxe5 Rf8 17. Nc3 Rf3 18. e6 Bd6 19. Qxh5+ 1-0

[Event "Caqueta Florencia op"]
[Site "Caqueta"]
[Date "2016.12.02"]
[Round "2"]
[White "Alvarez Angel, Nelson Eduardo"]
[Black "Narvaez Vaquiro, Alejandra"]
[Result "1-0"]
[WhiteElo "1826"]
[BlackElo "1248"]
[PlyCount "75"]
[EventDate "2016.12.01"]
[EventType "swiss"]
[EventRounds "6"]
[EventCountry "COL"]
[SourceTitle "CBM 176 Extra"]
[Source "ChessBase"]
[SourceDate "2017.03.02"]
[SourceVersion "1"]
[SourceVersionDate "2017.03.02"]
[SourceQuality "1"]

1. d4 d5 2. c4 e6 3. Nc3 Nf6 4. Bg5 Be7 5. Bxf6 Bxf6 6. e3 Nd7 7. Bd3 b6 8. cxd5 exd5 9. Nxd5 Nc5 10. Nxf6+ Qxf6 11. dxc5 Qxb2 12. Ne2 bxc5 13. 0-0 0-0 14. Qc2 Qxc2 15. Bxc2 Bb7 16. Ng3 Rfd8 17. Rfd1 Rxd1+ 18. Rxd1 Ba6 19. Ne4 Be2 20. Rd2 Bc4 21. Nxc5 Bxa2 22. Bxh7+ Kxh7 23. Rxa2 Rb8 24. g4 Rb1+ 25. Kg2 Rc1 26. Ne4 Rc4 27. Kf3 g6 28. Rxa7 f5 29. gxf5 gxf5 30. Ng5+ Kh6 31. Nf7+ Kg7 32. Nd6 Rc1 33. Rxc7+ Rxc7 34. Ne8+ Kf7 35. Nxc7 Kf6 36. Kf4 Kg6 37. Nd5 Kf7 38. Kxf5 1-0

[Event "Caqueta Florencia op"]
[Site "Caqueta"]
[Date "2016.12.01"]
[Round "1"]
[White "Narvaez Vaquiro, Alejandra"]
[Black "Remicio Aponte, Diogenes"]
[Result "1-0"]
[WhiteElo "1248"]
[BlackElo "1600"]
[PlyCount "33"]
[EventDate "2016.12.01"]
[EventType "swiss"]
[EventRounds "6"]
[EventCountry "COL"]
[SourceTitle "CBM 176 Extra"]
[Source "ChessBase"]
[SourceDate "2017.03.02"]
[SourceVersion "1"]
[SourceVersionDate "2017.03.02"]
[SourceQuality "1"]

1. e4 Nf6 2. Nc3 Nc6 3. Nf3 d5 4. e5 Nh5 5. Ng5 g6 6. Qf3 Be6 7. g4 h6 8. gxh5 hxg5 9. hxg6 fxg6 10. Ne2 g4 11. Qf4 Kd7 12. Nd4 Bh6 13. Nxe6 Bxf4 14. Nxd8 Kxd8 15. d4 Bxc1 16. Rxc1 Nxe5 17. dxe5 1-0

[Event "Florencia op"]
[Site "Florencia"]
[Date "2015.12.06"]
[Round "4"]
[White "Medina, Juan Esteban"]
[Black "Narvaez Vaquiro, Alejandra"]
[Result "0-1"]
[WhiteElo "1221"]
[BlackElo "1201"]
[PlyCount "24"]
[EventDate "2015.12.04"]
[EventType "swiss"]
[EventRounds "7"]
[EventCountry "COL"]
[SourceTitle "CBM 169 Extra"]
[Source "ChessBase"]
[SourceDate "2015.12.18"]
[SourceVersion "1"]
[SourceVersionDate "2015.12.18"]
[SourceQuality "1"]

1. c4 e5 2. Nc3 b6 3. g3 Bb7 4. f3 g6 5. e3 Bg7 6. Bg2 d6 7. Nge2 Nd7 8. 0-0 Ngf6 9. Nd5 0-0 10. Nxf6+ Qxf6 11. a3 Qg5 12. b4 f5 0-1

[Event "Florencia San Pedrino-Caqueta"]
[Site "Florencia"]
[Date "2015.06.20"]
[Round "6.14"]
[White "Narvaez Vaquiro, Alejandra"]
[Black "Castrillon, William1"]
[Result "0-1"]
[WhiteElo "1220"]
[BlackElo "1588"]
[PlyCount "90"]
[EventDate "2015.06.18"]
[EventType "swiss"]
[EventRounds "7"]
[EventCountry "COL"]
[SourceTitle "EXT 2024"]
[Source "ChessBase"]
[SourceDate "2023.10.10"]
[SourceVersion "1"]
[SourceVersionDate "2023.10.10"]
[SourceQuality "1"]

1. e4 c5 2. Nf3 Nc6 3. Bc4 g6 4. Nc3 Bg7 5. Ng5 e6 6. d3 Nge7 7. Nf3 a6 8. a3 0-0 9. 0-0 b5 10. Ba2 Bb7 11. Bg5 Qc7 12. Bxe7 Nxe7 13. Qd2 d5 14. Rfe1 dxe4 15. dxe4 Rad8 16. Qg5 Rd7 17. Rad1 Rfd8 18. Rxd7 Rxd7 19. h3 b4 20. Nd1 a5 21. c3 bxa3 22. bxa3 Rd3 23. Ne3 Bxe4 24. Qg4 Bxf3 25. Qxf3 Rxc3 26. Qa8+ Bf8 27. Rd1 Nc6 28. Ng4 Nd4 29. Nf6+ Kg7 30. Ne8+ Kg8 31. Nxc7 Kg7 32. Qa7 Kf6 33. Rxd4 Rc1+ 34. Kh2 cxd4 35. Qxd4+ e5 36. Qa4 Rxc7 37. Qxa5 Rc2 38. Qd8+ Be7 39. Qh8+ Kf5 40. g4+ Kf4 41. Qg8 Rxf2+ 42. Kg1 Kg3 43. Qa8 Bc5 44. Qa4 Rf3+ 45. Kh1 Rf1# 0-1

[Event "Florencia San Pedrino-Caqueta"]
[Site "Florencia"]
[Date "2015.06.18"]
[Round "1.7"]
[White "Narvaez Vaquiro, Alejandra"]
[Black "Cuevas, Carlos Alberto"]
[Result "0-1"]
[WhiteElo "1220"]
[BlackElo "1780"]
[PlyCount "48"]
[EventDate "2015.06.18"]
[EventType "swiss"]
[EventRounds "7"]
[EventCountry "COL"]
[SourceTitle "EXT 2024"]
[Source "ChessBase"]
[SourceDate "2023.10.10"]
[SourceVersion "1"]
[SourceVersionDate "2023.10.10"]
[SourceQuality "1"]

1. e4 c5 2. Nf3 Nc6 3. Bc4 e6 4. Nc3 a6 5. 0-0 Nf6 6. d3 Be7 7. Bg5 b5 8. Bb3 Bb7 9. Bxf6 gxf6 10. a3 Qc7 11. h3 0-0-0 12. a4 b4 13. Ne2 Rhg8 14. Qd2 Rg7 15. Qh6 Rdg8 16. Nh4 Qe5 17. f4 Qd6 18. f5 Nd4 19. Nxd4 Qxd4+ 20. Rf2 exf5 21. Nf3 Rxg2+ 22. Kh1 Qxf2 23. Qc1 Rh2+ 24. Nxh2 Qg2# 0-1